000 00529nam a22001577a 4500
003 OSt
005 20150915100424.0
008 150915b xxu||||| |||| 00| 0 eng d
040 _cRUA
082 _aAGR THO 1999 B024 Or.1
100 _9486
_aTHORN, LONGHENG.
245 _aAgroforestry in angsnoul district kandal province កសិរុក្ខកម្មនៅស្រុកអង្គស្នួល ខេត្ដកណ្ដាល
260 _aPhnom Penh
_bRUA
_c1999
300 _a74p.
_bill.
_c29cm.
942 _2ddc
_cAGR
999 _c466
_d466